| 000 | 00484nam a22001577a 4500 | ||
|---|---|---|---|
| 999 |
_c14549 _d14549 |
||
| 008 | 161004b xxu||||| |||| 00| 0 eng d | ||
| 020 | _a9780673398475 | ||
| 050 | _aQC 23 .H56 1989 | ||
| 100 | _aHewitt Paul G. | ||
| 245 |
_aConceptual Physics/ _cPaul G. Hewitt. |
||
| 250 | _a6th ed. | ||
| 260 |
_aU.S.A.: _bCompage Company , _c1989. |
||
| 300 |
_axix, 728p. : _bill.(some col.) ; _c24cm. |
||
| 500 | _aincludes index. | ||
| 650 | _aPhysics | ||
| 942 |
_2lcc _cBOOKS _01 |
||